| Поле | Название | Значение |
| |
Тип записи |
a |
| |
Библиографический уровень |
c |
| 001 |
Контрольный номер |
RU/IS/BASE/516717416 |
| 005 |
Дата корректировки |
20251003164057.2 |
| 010 |
Индекс ISBN |
__ |
| a |
ISBN |
978-5-85905-461-9 (в пер.) |
| d |
Цена |
208-05 |
| 100 |
Данные общей обработки |
__ |
| a |
Данные общей обработки |
19160516d2015||||||| 0rusy0189 ca |
| 101 |
Язык документа |
0_ |
| a |
Язык текста |
rus |
| 102 |
Страна публикации |
__ |
| a |
Страна публикации |
ru |
| 105 |
Кодированные данные (монография) |
__ |
| a |
Кодированные данные (монография) |
#|||||||010zy |
| 200 |
Заглавие и сведения об ответственности |
1_ |
| a |
Заглавие |
Избранная проза |
| e |
Сведения, относящиеся к заглавию |
[12+] |
| f |
Первые сведения об ответственности |
Сергей Луцкий |
| b |
Общее обозначение материала |
Текст |
| h |
Номер части |
Т. 2 |
| 210 |
Выходные данные |
1_ |
| a |
Место издания |
Кемерово |
| c |
Издательство |
Азия-Принт |
| d |
Дата издания |
2015 |
| 215 |
Физическое описание |
__ |
| a |
Объем |
494, [1] с. |
| d |
Формат |
21 см |
| 300 |
Общие примечания |
__ |
| a |
Общие примечания |
500 экз. |
| 300 |
Общие примечания |
__ |
| a |
Общие примечания |
Издано при поддержке Департамента общественных и внешних связей ХМАО - Югры |
| 300 |
Общие примечания |
__ |
| a |
Общие примечания |
К 85-летию ХМАО - Югры |
| 327 |
Примечание о содержании |
0_ |
| a |
Примечание о содержании |
Избранная проза |
| 327 |
Примечание о содержании |
0_ |
| a |
Примечание о содержании |
Поселковый сумасшедший Айтышев |
| 327 |
Примечание о содержании |
0_ |
| a |
Примечание о содержании |
Варианты Надежды Вилоровны |
| 327 |
Примечание о содержании |
0_ |
| a |
Примечание о содержании |
Снохач Бусыгин |
| 327 |
Примечание о содержании |
0_ |
| a |
Примечание о содержании |
Затмение |
| 327 |
Примечание о содержании |
0_ |
| a |
Примечание о содержании |
Страсти по Василию |
| 327 |
Примечание о содержании |
0_ |
| a |
Примечание о содержании |
Игорь Турчин |
| 327 |
Примечание о содержании |
0_ |
| a |
Примечание о содержании |
По материнской линии |
| 330 |
Аннотация |
__ |
| a |
Аннотация |
Многим читателям уже хорошо знакомы книги Сергея Луцкого: «Десять суток, не считая дороги», «Яблоко в жёлтой листве», «Варианты Надежды Вилоровны», однотомник избранной прозы «Ускользающее время», «Параллельные миры», «На восток от Гольфстрима», «Причастный». Часть из них вошла и в это издание: во второй том – повести. |
| 333 |
Примечание о целевом назначении |
__ |
| a |
Примечание о целевом назначении |
12+. Для детей старше 12 лет |
| 461 |
Уровень набора |
_0 |
| 1 |
|
700 |
| a |
|
Луцкий |
| b |
|
С. А. |
| 1 |
|
200 |
| a |
|
Избранная проза |
| 1 |
|
210 |
| a |
|
Кемерово |
| c |
|
Азия-Принт |
| d |
|
2015 |
| 1 |
|
225 |
| 1 |
|
010 |
| 517 |
Другие варианты заглавия |
1_ |
| a |
Другие варианты заглавия |
Поселковый сумасшедший Айтышев |
| 517 |
Другие варианты заглавия |
1_ |
| a |
Другие варианты заглавия |
Варианты Надежды Вилоровны |
| 517 |
Другие варианты заглавия |
1_ |
| a |
Другие варианты заглавия |
Снохач Бусыгин |
| 517 |
Другие варианты заглавия |
1_ |
| a |
Другие варианты заглавия |
Затмение |
| 517 |
Другие варианты заглавия |
1_ |
| a |
Другие варианты заглавия |
Страсти по Василию |
| 517 |
Другие варианты заглавия |
1_ |
| a |
Другие варианты заглавия |
Игорь Турчин |
| 517 |
Другие варианты заглавия |
1_ |
| a |
Другие варианты заглавия |
По материнской линии |
| 606 |
Тематические рубрики |
__ |
| a |
Основная рубрика |
Художественная литература |
| 606 |
Тематические рубрики |
__ |
| a |
Основная рубрика |
Современная русская литература (произведения) |
| y |
Географическая подрубрика |
Россия |
| y |
Географическая подрубрика |
Сургутский район |
| y |
Географическая подрубрика |
Тюменская область |
| y |
Географическая подрубрика |
Ханты-Мансийский автономный округ - Югра |
| y |
Географическая подрубрика |
ХМАО-Югра |
| 610 |
Ключевые слова |
0_ |
| a |
Ключевые слова |
краеведение |
| a |
Ключевые слова |
краеведческая литература |
| a |
Ключевые слова |
повести |
| a |
Ключевые слова |
тема общества |
| a |
Ключевые слова |
тема патриотизма |
| a |
Ключевые слова |
тема человека |
| 686 |
Индексы других классификаций |
__ |
| 2 |
Код системы |
rubbks |
| a |
Классификационный индекс |
К84(2=411.2)6-4; стК84(2Рос=Рус)6-4 |
| 700 |
Автор |
_1 |
| a |
Фамилия |
Луцкий |
| b |
Имя |
С. А. |
| f |
Даты |
1945- |
| g |
Полное личное имя |
Сергей Артемович |
| 4 |
Код отношения |
070 |
| 711 |
Наименование организации. (Альтернативная ответственность) |
02 |
| a |
Организация/ юрисдикция |
Ханты-Мансийский автономный округ - Югра |
| b |
Другие уровни |
Департамент общественных и внешних связей |
| 801 |
Источник записи |
_0 |
| a |
Страна |
ru |
| b |
Организация |
Муниципальное бюджетное учреждение культуры "Централизованная библиотечная система" г. Сургут (Центральная городская библиотека им. А. С. Пушкина) |
| c |
Дата составления |
20160516 |
| g |
Правила каталогизации |
КиК/Котельникова |
| 801 |
Источник записи |
_1 |
| a |
Страна |
ru |
| b |
Организация |
Муниципальное бюджетное учреждение культуры "Централизованная библиотечная система" г. Сургут (Центральная городская библиотека им. А. С. Пушкина) |
| c |
Дата составления |
20160516 |
| g |
Правила каталогизации |
КиК/Котельникова |
| 852 |
Данные о местонахождении |
__ |
| j |
Шифр хранения |
К84(2=411.2)6-4 |
| i |
Авторский знак |
Л 86 |
| 901 |
Тип документа |
__ |
| t |
Тип документа |
n |
| w |
Контрольный № источника |
RU/IS/BASE/516714285 |
| 903 |
Характеристики (МАРС) |
__ |
| a |
Дата передачи |
20160516 |
| 969 |
Тип издания |
__ |
| a |
Тип издания |
сборник |
| 990 |
Данные о заказе (DOS) |
__ |
| j |
Количество экземпляров (DOS) |
10 |
| t |
N записи в КСУ для И/У (DOS) |
201605 |